Ample subvarieties of algebraic varietes

Αποθηκεύτηκε σε:
Λεπτομέρειες βιβλιογραφικής εγγραφής
Κύριος συγγραφέας: Hartshorne, Robin
Μορφή: Βιβλίο
Γλώσσα:English
Δημοσίευση: Berlin : Springer, 1970 (1986 printing)
Σειρά:Lecture notes in mathematics (Springer-Verlag) ; 156
Θέματα:
Ετικέτες: Προσθήκη ετικέτας
Δεν υπάρχουν, Καταχωρήστε ετικέτα πρώτοι!

MARC

LEADER 00000nam a2200000 i 4500
001 1/58328
008 941103s1986 eng d
020 |a 3-540-05184-8 
035 |a 1993  |l 10045892 
040 |a GR-MY-UA  |b gre  |e aacr 
041 0 |a eng 
082 0 |a 516.35 
100 1 |a Hartshorne, Robin. 
245 1 0 |a Ample subvarieties of algebraic varietes /  |c Robin Hartshorne ; notes written in collaboration with C. Musili 
260 |a Berlin :   |b Springer,   |c 1970 (1986 printing) 
300 |a xiii, 256 p.;  |c 25 cm. 
490 1 |a Lecture notes in mathematics (Springer-Verlag)  |v ; 156 
500 |a Includes bibliography 
650 0 0 |a Geometry, Algebraic. 
830 0 |a Lecture notes in mathematics (Springer-Verlag)  |v ; 156 
852 |a INST  |b SAMOS  |e 19941103  |h 516.35 HAR  |p 005300008124  |q 005300008124  |t BK  |y 0 
909 |a Σ  |b 028819